North...or South Korea (Hard Version) - Statistics

General Stats
  • This quiz has been taken 348 times
    31 since last reset
  • The average score is 10 of 16
Answer Stats
Question Answer % Correct
Population of about 50 million? South Korea
96%
Borders only one country? South Korea
96%
Has the tallest mountain? North Korea
92%
Higher percentage of population Christian. South Korea
88%
Is the larger country? North Korea
80%
Higher percentage of urban population. South Korea
80%
National flower is rose of Sharon. South Korea
72%
Have a higher fertility rate. North Korea
68%
Have wild tigers remaining. Neither
56%
Has the larger airforce. South Korea
56%
Dual citizenship is recognized. Neither
52%
Has August 15th as their Independence day. Both
48%
Main export partner is China. Both
36%
Have more total km of railroad. North Korea
36%
Has less forest in their country. North Korea
24%
Uses the Hangul writing system? South Korea
12%
No matching quizzes found
Score Distribution
Percent of People with Each Score
Percentile by Number Answered
Your Score History
You have not taken this quiz since the last reset